Sports Quiz

Random Sports or MLB Quiz

MLB Hutch Award Quiz Stats

 Plays Quiz not verified by Sporcle

Score 0/46 Timer 10:00
0 Plays Today
Year % Correct
2005Craig Biggio
79.2%
2004Trevor Hoffman
79.2%
2001Curt Schilling
77.2%
2010Tim Hudson
73.3%
2000Jason Giambi
73.3%
1976Tommy John
73.3%
2008Jon Lester
72.3%
1980George Brett
65.3%
2003Jamie Moyer
64.4%
2002Tim Salmon
63.4%
1981Johnny Bench
62.4%
1987Paul Molitor
60.4%
2007Mike Sweeney
58.4%
1996Omar Vizquel
58.4%
1998David Cone
57.4%
1993John Olerud
54.5%
1978Willie Stargell
52.5%
1966Sandy Koufax
50.5%
1967Carl Yastrzemski
48.5%
1965Mickey Mantle
48.5%
1969Al Kaline
45.5%
1968Pete Rose
45.5%
1977Willie McCovey
44.6%
Year % Correct
1992Carney Lansford
41.6%
1999Sean Casey
39.6%
1979Lou Brock
34.7%
1971Joe Torre
34.7%
1997Eric Davis
32.7%
1995Jim Abbott
31.7%
1982Andre Thornton
30.7%
1990Sid Bream
28.7%
1985Rick Reuschel
27.7%
1984Don Robinson
27.7%
1988Ron Oester
23.8%
2009Mark Teahen
22.8%
2006Mark Loretta
19.8%
1989Dave Dravecky
19.8%
1975Gary Nolan
19.8%
1973John Hiller
18.8%
1970Tony Conigliaro
17.8%
1986Dennis Leonard
16.8%
1972Bobby Tolan
15.8%
1974Danny Thompson
10.9%
1991Bill Wegman
8.9%
1994Andre Dawson
7.9%
1983Ray Knight
7.9%

You're not logged in!

Compare scores with friends on all Sporcle quizzes.
OR
Log In

Show Comments

Extras

Top Quizzes Today


Score Distribution

Your Account Isn't Verified!

In order to create a playlist on Sporcle, you need to verify the email address you used during registration. Go to your Sporcle Settings to finish the process.

Report this User

Report this user for behavior that violates our Community Guidelines.

Details: